000 00282nam a22001217a 4500
008 170222b xxu||||| |||| 00| 0 eng d
041 _aeng
080 _22ND
_a616.31
100 _a5
101 _aSHS
245 _aCURRENT CLINICAL DENTAL TERMINOLOGY
_cBOUCHER, C.O
942 _2udc
_cBK
999 _c6037
_d6037